| 000 | 00393nam a2200133Ia 4500 | ||
|---|---|---|---|
| 008 | 170516s9999 xx 000 0 und d | ||
| 245 | _aImaging of the paediatric paranasal sinuses | ||
| 260 | _bSouth African Journal of Radiology | ||
| 260 | _c2013 | ||
| 300 | _a17:3 | ||
| 650 | _xRadiologic Technology | ||
| 650 | _xRadtech | ||
| 856 | _uhttp://www.sajr.org.za/index.php/sajr/issue/view/23 | ||
| 999 |
_c332492 _d332492 |
||